000 00714nam a2200193 i 4500
001 152341
003 ES-MaACL
005 20230906204641.0
008 040810s1885 bo |||| | spa d
040 _aCAM
_bspa
_cCAM
110 1 _aBolivia.
_9134193
240 1 0 _a[Leyes, etc. de minas]
245 1 3 _aLa nueva legilación de minas de la República de Bolivia /
_cconcordada, comentada y anotada por Melquiades Loaiza.
260 _aLa Paz :
_ben las principales librerías,
_c1885 (
_eSantiago de Chile :
_fImprenta Cervantes)
300 _aXXXV, 314 p. ;
_c23 cm.
650 4 _aMinas-
_zBolivia-
_xLegislación.
_9136501
700 1 _aLoaiza, Melquiades.
_9129022
852 _aES-MaACL
_jG-7648
_z-- Enc. hol.
999 _c152341
_d152341